| 000 | 00932nam a2200265 i 4500 | ||
|---|---|---|---|
| 001 | 53948 | ||
| 003 | ES-MaACL | ||
| 005 | 20230906162848.0 | ||
| 007 | t| | ||
| 008 | 960710s1897 fr b |||| | fre d | ||
| 080 | _a272-789.2(460.182)"09/15"(093) | ||
| 080 | _a332.24.012.32(460.182)(093) | ||
| 080 | _a94(460.182)"09/15"(093) | ||
| 100 | 1 |
_aFérotin, Marius. _950220 |
|
| 245 | 1 | 0 |
_aRecueil des Chartes de l'Abbaye de Silos / _cpar Marius Férotin. |
| 260 |
_aParis : _bErnest Leroux, _c1897 ( _fImp. Nationale) |
||
| 300 |
_aXXIII, 623 p., [1] h. pleg. de mapa ; _c27 cm. |
||
| 530 | _aDisponible en formato digital. | ||
| 610 | 2 | 7 |
_aAbadía de Silos- _vHistoria. _91135 |
| 610 | 2 | 7 |
_aBenedictinos- _zEspaña. _9192726 |
| 651 | 4 |
_aBurgos (Provincia)- _xHistoria. _97907 |
|
| 852 |
_aES-MaACL _jC-873 |
||
| 856 |
_uhttp://bdh-rd.bne.es/viewer.vm?id=0000191752&page=1 _zBiblioteca Digital Hispánica |
||
| 999 |
_c53948 _d53948 |
||